000
00328nam a2200145Ia 4500
100
_a
Bhat/B.K
942
_c
BK
654
_a
electromagnetic
245
_a
Fundamentals of electromagnetic field theory
260
_b
CBS Publishers
_a
Delhi
_c
1986
082
_a
530.141
_b
BHA
300
_a
514
546
_a
ENGLISH
999
_c
28220
_d
28220